000 00634nam a2200241Ia 4500
003 OSt
005 20220924123513.0
006 a|||||r|||| 00| 0
007 ta
008 220923b |||||||| |||| 00| 0 urd d
020 _c70
024 _a311474
037 _cTextual
040 _aARTS
_cARTS
_burd
041 _2urd
_aurd
082 _aO168,1:gwM, N7
100 _aNaqvi Hanif
_9192977
245 0 _aRai Beni Narayan Dehlavi
260 _aNew Delhi
_b Anjuman Taraqqi Urdu India
_c1997
650 _aURDU POETRY
942 _hO168,1:gwM, N7
_cTEXL
_2CC
999 _c416002
_d416002